[Event "Vaxjo op"]
[Site "Vaxjo"]
[Date "2024.02.09"]
[Round "4"]
[White "Sandstrom, Anders"]
[Black "Kristensen, Kaare Hove"]
[Result "1-0"]
[WhiteElo "1988"]
[BlackElo "2324"]
[PlyCount "38"]
[EventDate "2024.02.09"]
[EventType "swiss"]
[EventRounds "8"]
[EventCountry "SWE"]
[SourceTitle "CB07_2024"]
[SourceDate "2024.02.14"]
[SourceVersion "1"]
[SourceVersionDate "2024.02.14"]
[SourceQuality "1"]

1. Nf3 c5 2. c4 Nf6 3. g3 d5 4. d4 cxd4 5. cxd5 Qxd5 6. Qxd4 Nc6 7. Qxd5 Nxd5 8. a3 Bg4 9. Nbd2 g6 10. Bg2 Bg7 11. 0-0 0-0 12. h3 Bxf3 13. Bxf3 Rfd8 14. e3 Rac8 15. Rb1 Ne5 16. Be2 Nb6 17. Kg2 Rxc1 18. Rbxc1 Rxd2 19. Ra1 Rd4 1-0

[Event "Vaxjo op"]
[Site "Vaxjo"]
[Date "2018.02.11"]
[Round "8"]
[White "Sandstrom, Anders"]
[Black "Lundstedt, Peter"]
[Result "0-1"]
[WhiteElo "1924"]
[BlackElo "2109"]
[PlyCount "58"]
[EventDate "2018.02.09"]
[EventType "swiss"]
[EventRounds "8"]
[EventCountry "SWE"]
[SourceTitle "CBM 182 Extra"]
[Source "ChessBase"]
[SourceDate "2018.02.23"]
[SourceVersion "1"]
[SourceVersionDate "2018.02.23"]
[SourceQuality "1"]

1. Nf3 d5 2. d4 Nf6 3. c4 e6 4. g3 Bb4+ 5. Bd2 Be7 6. Bg2 c6 7. Qc2 b6 8. cxd5 cxd5 9. 0-0 0-0 10. Nc3 Bb7 11. Rfc1 Nc6 12. Bf4 Rc8 13. Qd3 Nh5 14. Bd2 f5 15. e3 Nf6 16. Ne2 Ne4 17. Nf4 Qd7 18. h4 Bd6 19. Nh3 h6 20. Be1 Qe7 21. Rc2 g5 22. hxg5 hxg5 23. Nh2 Qf6 24. Rd1 Kf7 25. Qe2 Rh8 26. f4 gxf4 27. gxf4 Rcg8 28. Kh1 Nb4 29. Bxe4 Nxc2 0-1

[Event "Vaxjo op"]
[Site "Vaxjo"]
[Date "2018.02.09"]
[Round "4"]
[White "Sandstrom, Anders"]
[Black "Carlsson, Ludvig"]
[Result "0-1"]
[WhiteElo "1924"]
[BlackElo "2233"]
[PlyCount "48"]
[EventDate "2018.02.09"]
[EventType "swiss"]
[EventRounds "8"]
[EventCountry "SWE"]
[SourceTitle "CBM 182 Extra"]
[Source "ChessBase"]
[SourceDate "2018.02.23"]
[SourceVersion "1"]
[SourceVersionDate "2018.02.23"]
[SourceQuality "1"]

1. Nf3 Nf6 2. c4 b6 3. g3 Bb7 4. Bg2 e6 5. Nc3 Be7 6. 0-0 0-0 7. d4 Ne4 8. Nxe4 Bxe4 9. Nh4 Bxg2 10. Nxg2 d6 11. Bf4 Nd7 12. Rc1 Bf6 13. b3 Qe7 14. Qd2 Rad8 15. Ne1 Rfe8 16. Nf3 e5 17. dxe5 dxe5 18. Be3 e4 19. Nd4 Ne5 20. Qc2 Qd7 21. Rcd1 Qh3 22. Qxe4 Ng4 23. Qg2 Qxg2+ 24. Kxg2 Rxe3 0-1

[Event "Deltalift op"]
[Site "Halmstad"]
[Date "2013.05.09"]
[Round "2"]
[White "Sandstrom, Anders"]
[Black "Kockum, Anton Frisk"]
[Result "0-1"]
[WhiteElo "2001"]
[BlackElo "2355"]
[PlyCount "57"]
[EventDate "2013.05.09"]
[EventType "swiss"]
[EventRounds "8"]
[EventCountry "SWE"]
[SourceTitle "CBM 154 Extra"]
[Source "ChessBase"]
[SourceDate "2013.06.25"]
[SourceVersion "2"]
[SourceVersionDate "2013.06.25"]
[SourceQuality "1"]

1. c4 c5 2. g3 Nc6 3. Bg2 d6 4. Nc3 Bd7 5. e4 Qc8 6. d3 h5 7. h4 Nf6 8. Be3 Ng4 9. Bg5 g6 10. f3 Nge5 11. Nd5 b5 12. Rc1 Rb8 13. b3 bxc4 14. dxc4 Nb4 15. Nxb4 Rxb4 16. Ne2 Bg7 17. Nc3 Nc6 18. Nd5 Rb7 19. 0-0 Bh3 20. Kh2 Bxg2 21. Kxg2 0-0 22. Qd2 Kh7 23. Qd3 a5 24. Nc3 Nd4 25. Be3 f5 26. Bxd4 Bxd4 27. Nd5 e5 28. Rce1 Rbf7 29. Qe2 0-1

[Event "Deltalift op"]
[Site "Tylosand"]
[Date "2012.05.17"]
[Round "1"]
[White "Berg, Emanuel"]
[Black "Sandstrom, Anders"]
[Result "1-0"]
[WhiteElo "2587"]
[BlackElo "1999"]
[PlyCount "81"]
[EventDate "2012.05.17"]
[EventType "swiss"]
[EventRounds "8"]
[EventCountry "SWE"]
[SourceTitle "CBM 148 Extra"]
[Source "ChessBase"]
[SourceDate "2012.06.22"]
[SourceVersion "1"]
[SourceVersionDate "2012.06.22"]
[SourceQuality "1"]

1. e4 c5 2. Nf3 Nc6 3. d4 cxd4 4. Nxd4 Nf6 5. Nc3 e5 6. Ndb5 d6 7. Bg5 a6 8. Na3 b5 9. Bxf6 gxf6 10. Nd5 Bg7 11. c3 f5 12. Bd3 Ne7 13. Nxe7 Qxe7 14. 0-0 0-0 15. Nc2 d5 16. exf5 e4 17. Be2 Bxf5 18. Qxd5 Bg6 19. Nd4 Kh8 20. Rad1 f5 21. f4 Rac8 22. Kh1 Rf6 23. a3 Rc5 24. Qa8+ Bf8 25. Nc2 Rc7 26. Nb4 Bf7 27. Rd8 Kg7 28. Nd5 Bxd5 29. Qxd5 Qe6 30. Rd1 Qxd5 31. R1xd5 Bc5 32. g3 Be3 33. Rd1 Rcc6 34. Kg2 Bc5 35. R1d7+ Rf7 36. Rd5 Be3 37. Bh5 Rff6 38. R5d7+ Kh6 39. Bd1 Rg6 40. Bb3 Rg7 41. Bf7 1-0

[Event "Ronne Jubilaum"]
[Site "Ronne"]
[Date "2001.06.28"]
[Round "7"]
[White "Sandstrom, Anders"]
[Black "Rorvik, Jon Fredrik"]
[Result "1-0"]
[WhiteElo "1894"]
[BlackElo "2174"]
[PlyCount "61"]
[EventDate "2001.06.24"]
[EventType "swiss"]
[EventRounds "9"]
[EventCountry "DEN"]
[SourceTitle "EXT 2023"]
[Source "ChessBase"]
[SourceDate "2022.10.05"]
[SourceVersion "1"]
[SourceVersionDate "2022.10.05"]
[SourceQuality "1"]

1. Nf3 d5 2. d4 e6 3. g3 Nf6 4. c4 c6 5. Bg2 Nbd7 6. Qc2 Be7 7. 0-0 0-0 8. Rd1 Re8 9. b3 Nf8 10. Nc3 b6 11. e4 Bb7 12. Ne5 Rc8 13. f4 Rc7 14. Bb2 Qb8 15. exd5 cxd5 16. Qe2 dxc4 17. Nxc4 b5 18. Ne5 b4 19. Ne4 Nd5 20. Rac1 Rxc1 21. Rxc1 Rc8 22. Nc5 Ba8 23. Be4 Qb6 24. Rc4 Qd8 25. Qh5 g6 26. Qh3 Ne3 27. Nxf7 Kxf7 28. Nxe6 Nxe6 29. d5 Nxc4 30. dxe6+ Kf8 31. Qh6+ 1-0

[Event "Ronne Jubilaum"]
[Site "Ronne"]
[Date "2001.06.24"]
[Round "1"]
[White "Sandstrom, Anders"]
[Black "Aaberg, Anton"]
[Result "1/2-1/2"]
[WhiteElo "1894"]
[BlackElo "2266"]
[PlyCount "82"]
[EventDate "2001.06.24"]
[EventType "swiss"]
[EventRounds "9"]
[EventCountry "DEN"]
[SourceTitle "EXT 2023"]
[Source "ChessBase"]
[SourceDate "2022.10.05"]
[SourceVersion "1"]
[SourceVersionDate "2022.10.05"]
[SourceQuality "1"]

1. Nf3 Nf6 2. c4 c6 3. g3 d5 4. cxd5 cxd5 5. Bg2 Nc6 6. 0-0 Bg4 7. d3 e6 8. Nbd2 Be7 9. a3 a5 10. b3 0-0 11. Bb2 Nd7 12. Rc1 Qb6 13. h3 Bh5 14. Rc2 Bf6 15. Bxf6 Nxf6 16. Qb1 e5 17. Qb2 Rfe8 18. Rfc1 Bxf3 19. Nxf3 e4 20. dxe4 dxe4 21. Nh4 Rad8 22. Nf5 Rd7 23. Rc5 Qd8 24. R1c2 h6 25. b4 axb4 26. axb4 Kh7 27. b5 Na7 28. Kh2 Rd5 29. Qb3 Ree5 30. Rxd5 Qxd5 31. Qxd5 Rxd5 32. b6 Nc6 33. Ne3 Rb5 34. Rc4 Rxb6 35. Bxe4+ Nxe4 36. Rxe4 Rb4 37. Re8 Rd4 38. Kg2 b5 39. Rc8 Rd6 40. Nf5 Re6 41. Rc7 Rf6 1/2-1/2